000 00962nas a2200301 4500
001 BR2014002653
003 BR-BrBNA
005 20231205124007.0
007 ta
008 230509b bl.|||p| |||| 00| 00por d
040 _aBR-BrBNA
_bpor
_cBiblioteca Nacional de Agricultura
041 _a(Pt)
072 _aF06
100 1 _aGondim, A.R. de O.
100 1 _aMedeiros, J.F. de
100 1 _aCarmo, G.A. do
100 1 _aPereira, F.H.F.
100 1 _aGheyi, H.R.
100 1 _aTavares, J.C.
245 1 _aProdutividade de banana submetida a diferentes níveis de salinidade da água de irrigação: segundo ciclo
650 _aMUSA SP
650 _aCONDUTIVIDADE ELÉTRICA
650 _aVARIEDADE
650 _aANÁLISE COMPARATIVA
773 0 _tRevista Brasileira de Engenharia Agrícola e Ambiental (Brazil)
_xISSN 1415-4366
_g(Mar 2006), v. 10(1) p. 38-42
_wBR2014002653
909 _a202311
_bLúcia
_c55
_dLúcia Elande
942 _2AGRIS
_n0
_cANA
999 _c236797
_d236797